00399nam a2200145Ia 4500008004100000020001500041041001200056082001600068100001400084245008900098260003100187300001000218650000800228700001700236221030s9999 xx 000 0 und d a818655503X aEnglish a105.23bMit aR. Mittal 0aText Book of Electronic Devices Including Diode Circuitscby R. Mittal, G. K. Mithal bG. K. PubaNew Delhic1997 a11.36 aECE aG. K. Mithal